| 000 | 01510nam a2200277Ia 4500 | ||
|---|---|---|---|
| 999 |
_c53699 _d53699 |
||
| 001 | 20747 | ||
| 003 | GE_BSU | ||
| 005 | 20210326143943.0 | ||
| 008 | 181216s2017||||ge |||||||||||||| ||geo|| | ||
| 020 | _a9789941951497 | ||
| 040 | _cGE_BSU | ||
| 041 | _ageo | ||
| 080 | _a005+339+536 ე-68 | ||
| 245 |
_aენტროპია სინერგეტიკა მენეჯმენტსა და მარკეტინგში / _cი. მახარაშვილი, ლ. ბერიკაშვილი, ბ. გეჩბაია, ბ. ცხადაძე ; სამეცნ. რედ. ე. ბარათაშვილი ; რედ. ე. ცხადაძე. |
||
| 264 |
_aთბილისი : _bკალმოსანი, _c2017. |
||
| 300 |
_a84 გვ. ; _c21 სმ. |
||
| 541 | _h5 ლ. | ||
| 653 | _aენტროპია სინერგეტიკა მენეჯმენტსა და მარკეტინგში | ||
| 700 |
_aმახარაშვილი, ი. _eავტორი _910762 |
||
| 700 |
_aბერიკაშვილი, ლ. _eავტორი _910763 |
||
| 700 |
_aგეჩბაია, ბ. _eავტორი _910764 |
||
| 700 |
_aცხადაძე, ბ. _eავტორი _96516 |
||
| 700 |
_aბარათაშვილი, ე. _eსამეცნიერო რედაქტორი _910765 |
||
| 700 |
_aცხადაძე, ე. _eრედაქტორი _910766 |
||
| 942 |
_cBK _2udc |
||